| 000 | 00817nam a2200241Ia 4500 | ||
|---|---|---|---|
| 003 | OSt | ||
| 005 | 20220925201858.0 | ||
| 006 | a|||||r|||| 00| 0 | ||
| 007 | ta | ||
| 008 | 220923b |||||||| |||| 00| 0 eng d | ||
| 037 | _cGeneral Book | ||
| 040 |
_aRTL _cRTL _beng |
||
| 041 |
_2eng _aeng |
||
| 082 | _aV2:2.N7, L2 | ||
| 100 | _aHegde K S | ||
| 245 | 0 |
_aThe Directive principles of state policy in the constitution of India _b2nd B.N.Rau Memorial Lecture |
|
| 260 |
_aDelhi _bNational Pub. H./Institute Constitu. of &Parlim.Study India _c1972 |
||
| 300 |
_a89p. _ccm. |
||
| 490 | _aRau (BN)memorial lecture series .2.The Institute of Constitutional & Parliamentary Studies. | ||
| 650 | _aConstitution India | ||
| 942 |
_hV2:2.N7, L2 _cGB _2CC |
||
| 999 |
_c541581 _d541581 |
||